| 000 | 00706cam a22002177a 4500 | ||
|---|---|---|---|
| 999 |
_c531674 _d531674 |
||
| 001 | 14433273 | ||
| 005 | 20191023114640.0 | ||
| 008 | 060630s2005 enka b 001 0 eng c | ||
| 010 | _a 2006332669 | ||
| 020 | _a0195795652 | ||
| 020 | _a9780195795653 | ||
| 040 | _cDLC | ||
| 082 |
_a599.095491 _bROB |
||
| 100 | 1 |
_aRoberts, T. J. _q(Tom J.) _924620 |
|
| 245 | 1 | 0 |
_aField guide to the small mammals of Pakistan / _cT. J. Roberts. |
| 260 |
_aKarachi : _bOxford University Press, _c2005. |
||
| 300 |
_axxiii, 280 p. : _bill. (some col.), maps ; _c18 cm. |
||
| 504 | _aIncludes bibliographical references (p. [273]) and index. | ||
| 650 | 0 |
_aMammals _zPakistan _xIdentification. _924621 |
|
| 942 |
_2ddc _cBK |
||